Ethnic groups in Libya - Statistics

General Stats
  • This quiz has been taken 30 times
  • The average score is 4 of 10
Answer Stats
Family Population Ethnic group % Correct
Afroasiatic (Semitic) 1.4 million Arab
100%
Altaic (Turkic) 1 million Turk
73%
Indo-European (Albanian) 5 k Albanian
69%
Indo-European (Iranic) 900 k Kurd
50%
Afroasiatic (Berber) 847 k Tuareg
46%
Caucasian (Northwest) 35 k Circassian
35%
Afroasiatic (Berber) 3 million Amazigh
27%
Indo-European (Slavic) 2 k Bosniak
15%
Nilo-Saharan (Saharan) 200 k Toubou
8%
Nilo-Saharan (Saharan) 50 k Zaghawa
4%
No matching quizzes found
Score Distribution
Percent of People with Each Score
Percentile by Number Answered
Your Score History
You have not taken this quiz